000 00598ntaaa2200217 4500
003 01
005 20251027202304.0
008 0714s1973 ag 01
040 _aAR-BaBN
_bspa
_cAR-BaBN
_eaacr
_dRIC
082 _a274.4700 B63
100 _aBolshakoff, Serge
_921335
245 _aRussian Nonconformity
250 _a1 ed.
260 _aPhiladelphia :
_bWestminster Press,
_cc1950
300 _a192 p
500 _aThe story of 'unoficial' religion in Russia
650 _aNonconformistas-Rusia
_921336
650 _aDisidentes-Rusia
_921337
650 _aRusia-Disidentes
_921338
942 _cBK
999 _c17650
_d17650